[Event "Erfurt Young Masters 2017"]
[Site "Erfurt"]
[Date "2017.08.01"]
[Round "4"]
[White "Bulmaga, Irina"]
[Black "Heinemann, Josefine"]
[Result "1/2-1/2"]
[WhiteElo "2412"]
[BlackElo "2294"]
[Annotator "TA"]
[PlyCount "98"]
[EventDate "2017.??.??"]
[EventType "tourn"]
[EventCountry "GER"]

{[%evp 23,98,31,53,50,47,41,43,47,57,10,36,48,36,33,39,10,0,0,-13,-16,53,30,20,-55,-37,-45,-33,-83,0,2,49,0,0,0,8,0,67,61,49,60,38,0,0,0,0,0,0,0,50,46,91,0,17,0,88,56,75,13,9,0,0,0,0,0,0,0,0,0,0,0,0,0,0,0,0,0,0]} 1. e4 e5 2. Nf3 Nc6 3. Bb5 a6 4. Ba4 Nf6 5. O-O Nxe4 6. d4 b5 7. Bb3 d5 {[%cal Bd7d5,Bd5d4][%mdl 32]} 8. dxe5 Be6 9. c3 Be7 10. Nbd2 Nc5 11. Bc2 d4 12. Nb3 {C83: Open Ruy Lopez: 9 c3 Be7} d3 {LiveBook: 132 Games} 13. Bb1 Nxb3 14. axb3 {White is slightly better.} Bf5 15. Re1 O-O 16. h3 Qd7 17. b4 Rfd8 {[#]} 18. Bf4 $146 (18. g4 $5 {[%cal Rg4f5]} Bg6 19. Ba2 $14) ({Predecessor:} 18. g4 Bg6 19. Bf4 Qc8 {1-0 (41) Harikrishna,P (2755)-Ding,L (2778) Danzhou 2016}) 18... a5 19. g4 Bg6 $1 $36 {[%mdl 2048] Black has good play.} 20. Ba2 Qc8 21. bxa5 Rxa5 (21... Nxa5 $11 22. e6 f6) 22. e6 f6 23. Bb3 (23. b4 $1 $11 Ra6 24. Bb3) 23... Rxa1 $15 24. Qxa1 Qb7 25. Bd1 {[#]} Ra8 ({Black should play} 25... Ne5 $1 $17 {[%mdl 512]} 26. Nd2 (26. Nxe5 fxe5) 26... c5) 26. Qc1 $11 Na5 27. Nd2 (27. Nd4 $5 {[%cal Rd1f3]} Qb6 28. Bf3 $14) 27... Rd8 28. Bf3 Qb6 29. Be3 Qb8 ({But not} 29... Qxe6 $2 30. Bc5 $1 $18 {[%mdl 512]}) (29... c5 $11) 30. b4 $14 Nc4 31. Nxc4 bxc4 32. Qd2 Qb5 $1 33. Ra1 {Hoping for Ra5.} Qe5 34. Bf4 Qxe6 35. Bxc7 Rc8 36. Bf4 Bf7 {[#]} 37. b5 ({White should try} 37. Qe3 $1 $16) 37... Qb6 (37... g5 $5 {[%cal Rg5f4]} 38. Ra6 Qd7 $11) 38. Bc6 Be8 (38... g5 $11 39. Be3 Bc5) 39. Ra6 Qd8 {[#] ...Bxc6 is the strong threat.} 40. Bxe8 (40. Bb7 $1 $16 Rc5 41. b6) 40... Qxe8 $11 {The position is equal.} 41. b6 Qc6 {aiming for ...Bc5.} 42. Ra7 {Threatens to win with b7.} Bc5 {White must now prevent ...Re8.} 43. Rc7 Rxc7 44. bxc7 Bb6 45. Qe1 Kf7 46. Bd6 $1 Qxd6 47. c8=Q {[%csl Gc8][%cal Re1e8]} Qg3+ $1 48. Kf1 {[%csl Gc8][%cal Re1e8]} Qxh3+ 49. Kg1 {[%csl Gc8][%cal Re1e8]} Qg3+ $1 {Precision: White = 50%, Black = 53%.} 1/2-1/2

[Event "Erfurt Young Masters 2017"]
[Site "Erfurt"]
[Date "2017.08.01"]
[Round "4"]
[White "Brunello, Marina"]
[Black "Osmanodja, Filiz"]
[Result "1-0"]
[WhiteElo "2367"]
[BlackElo "2273"]
[Annotator "TA"]
[PlyCount "95"]
[EventDate "2017.??.??"]
[EventType "tourn"]
[EventCountry "GER"]
[SourceTitle "playchess.com"]
[Source "ChessBase"]
[SourceQuality "1"]

{[%evp 17,95,14,23,3,15,0,0,3,32,3,15,22,12,22,138,153,143,103,113,108,116,106,106,114,107,106,137,101,114,93,73,41,39,33,33,40,57,0,0,0,0,0,91,91,74,91,99,109,107,107,91,91,84,26,27,15,20,-47,0,0,143,143,976,984,995,986,985,975,970,964,955,959,951,949,933,890,950,929,5018,750]} 1. e4 e5 2. Nf3 Nc6 3. Bc4 Bc5 4. d3 Nf6 5. O-O d6 6. c3 a6 7. Bb3 Ba7 8. Nbd2 O-O 9. h3 Re8 {[%cal Bf8e8,Be8e7,Be7d7,Bd7d3][%mdl 32] LiveBook: 16 Games. C54: Giuoco Piano: 4 c3 Nf6, main lines with 5 d4 and 5 d3} (9... h6 10. Re1 Re8 11. Nf1 Be6 12. Bc2 Ne7 13. d4 Ng6 14. Ng3 c6 15. Be3 Qc7 16. Qd2 Rad8 17. Rad1 b5 18. b3 Bb6 19. Qc1 Bc8 {½-½ (58) Anand,V (2779)-Nakamura,H (2779) Saint Louis 2016}) 10. Ng5 $146 ({Find the theoretical novelty and annotate with similar games:} 10. Re1 h6 11. Nf1 Be6 12. Be3 d5 13. Bxa7 Rxa7 14. Qc2 Qd7 15. Ng3 Raa8 16. Rad1 Rad8 17. d4 exd4 18. e5 Ne4 19. Nxe4 dxe4 20. Nxd4 Nxd4 21. Rxd4 {1-0 (49) Tan,J (2469)-Kretchetov,A (2246) Chicago 2016}) 10... Re7 11. Re1 h6 {The position is equal.} 12. Ngf3 {[%cal Bg5f3,Bf3h4,Bh4f5,Bf5h6,Bh6g4][%mdl 32]} Be6 13. Nh4 d5 14. Qf3 Rd7 15. Nf5 g6 (15... Kh8 $11 {remains equal.}) 16. Nxh6+ $16 Kg7 17. Nf1 {Black must now prevent Bg5.} dxe4 18. dxe4 Rd3 19. Ne3 Bxb3 20. axb3 Qd7 21. Nhg4 Nh5 22. g3 Rh8 23. Kg2 Bxe3 24. Bxe3 f5 $1 {[%cal Rf5g4]} 25. Rad1 fxe4 $1 ({Of course not} 25... fxg4 $6 26. hxg4 Rxd1 27. Rxd1 $16) 26. Qe2 Qf5 27. Ra1 (27. Rh1 $14) 27... g5 28. Ra4 Nf6 29. Rh1 Nd5 {[#]} (29... Nxg4 $11 30. Qxg4 Qxg4 31. hxg4 Rxh1 32. Kxh1 Rd1+ 33. Kg2 Kf6) 30. Bc1 $1 Qf3+ 31. Qxf3 exf3+ 32. Kh2 Kg6 33. Re4 {Hoping for Rxe5.} Nf6 34. Nxf6 Kxf6 35. g4 (35. Rg4 $16) 35... Ne7 $11 36. Kg3 Ng6 {White should prevent ...Nf4.} 37. Be3 (37. Re3 $11 Rd7 38. Kxf3) 37... Nh4 (37... Nf4 $5 {[%cal Rd3d1]}) 38. Re1 (38. Rb4 $5 {[%cal Rb4b7]} b5 39. Ra1 $11) 38... Ng2 {[#]} (38... Ng6 $1 $11) 39. Bxg5+ $1 $16 {[%mdl 512]} Kxg5 $4 {[%mdl 8192]} (39... Kg6 $16) 40. Rxe5+ $18 {White is clearly winning.} Kg6 41. Re6+ Kf7 42. Re7+ Kf8 43. Re8+ Kg7 44. R1e7+ Kf6 {[#]} 45. g5+ $1 {[%mdl 512]} Kxg5 46. Rxh8 Rd1 47. Rxc7 Nh4 48. Rc5+ {Precision: White = 66%, Black = 48%.} 1-0

[Event "Erfurt Young Masters 2017"]
[Site "Erfurt"]
[Date "2017.08.01"]
[Round "4"]
[White "Schneider, Jana"]
[Black "Pourkashiyan, Atousa"]
[Result "0-1"]
[WhiteElo "2258"]
[BlackElo "2289"]
[Annotator "ChessBase"]
[PlyCount "148"]
[EventDate "2017.??.??"]
[EventType "tourn"]
[EventCountry "GER"]
[TimeControl "40/5400+30:900+30"]

1. e4 {[%emt 0:00:00]} c5 {[%emt 0:05:00]} 2. Nf3 {[%emt 0:00:00]} e6 {[%emt 0:00:41]} 3. g3 {[%emt 0:00:12]} Nc6 {[%emt 0:00:18]} 4. Bg2 {[%emt 0:00:13]} Nf6 {[%emt 0:00:03]} 5. Qe2 {[%emt 0:00:15]} e5 {[%emt 0:00:08]} 6. O-O {[%emt 0:00:41]} Be7 {[%emt 0:00:03]} 7. c3 {[%emt 0:01:15]} O-O {[%emt 0:00:08]} 8. Na3 {[%emt 0:00:16]} Re8 {[%emt 0:00:51]} 9. Nc2 {[%emt 0:01:07]} Bf8 {[%emt 0:01:49]} 10. d3 {[%emt 0:00:51]} h6 {[%emt 0:02:14]} 11. Ne3 {[%emt 0:02:27]} d6 {[%emt 0:00:14]} 12. Bd2 {[%emt 0:02:00]} Be6 {[%emt 0:01:10]} 13. Nh4 {[%emt 0:04:13]} d5 {[%emt 0:04:52]} 14. exd5 {[%emt 0:04:17]} Nxd5 {[%emt 0:00:14]} 15. Nhf5 {[%emt 0:02:36]} Nf4 {[%emt 0:22:11]} 16. gxf4 {[%emt 0:02:09]} exf4 {[%emt 0:00:09]} 17. Be4 {[%emt 0:10:31]} fxe3 {[%emt 0:05:25]} 18. fxe3 {[%emt 0:01:37]} Ne7 {[%emt 0:07:54]} 19. Kh1 {[%emt 0:06:03]} Nxf5 {[%emt 0:14:28]} 20. Bxf5 {[%emt 0:00:10]} Qd5+ {[%emt 0:00:36]} 21. Be4 {[%emt 0:03:20]} Qd7 {[%emt 0:04:53]} 22. Bg2 {[%emt 0:08:32]} Rad8 {[%emt 0:07:17]} 23. d4 {[%emt 0:00:47]} cxd4 {[%emt 0:00:43]} 24. cxd4 {[%emt 0:01:49]} Bd5 {[%emt 0:01:53]} 25. a3 {[%emt 0:02:11]} Re6 {[%emt 0:04:20]} 26. Rac1 {[%emt 0:01:33]} Be7 {[%emt 0:06:09]} 27. Rc3 {[%emt 0:01:34]} Bxg2+ {[%emt 0:01:47]} 28. Qxg2 {[%emt 0:00:11]} Rg6 {[%emt 0:00:06]} 29. Qf3 {[%emt 0:02:54]} Rf6 {[%emt 0:00:06]} 30. Qg2 {[%emt 0:00:24]} Rg6 {[%emt 0:02:00]} 31. Qf3 {[%emt 0:02:51]} Rf6 {[%emt 0:02:02]} 32. Qg2 {[%emt 0:00:17]} Rxf1+ {[%emt 0:01:33]} 33. Qxf1 {[%emt 0:00:06]} Bg5 {[%emt 0:00:15]} 34. Qf3 {[%emt 0:02:00]} Re8 {[%emt 0:00:28]} 35. Qg3 {[%emt 0:04:27]} Qb5 {[%emt 0:01:20]} 36. Bc1 {[%emt 0:01:39]} Re6 {[%emt 0:01:36]} 37. Rc5 {[%emt 0:06:57]} Qf1+ {[%emt 0:01:16]} 38. Qg1 {[%emt 0:00:06]} Qf3+ {[%emt 0:01:14]} 39. Qg2 {[%emt 0:00:06]} Qd1+ {[%emt 0:00:51]} 40. Qg1 {[%emt 0:00:07]} Qf3+ {[%emt 0:16:30]} 41. Qg2 {[%emt 0:15:07]} Qxg2+ {[%emt 0:00:24]} 42. Kxg2 {[%emt 0:00:06]} Bxe3 {[%emt 0:00:10]} 43. Bxe3 {[%emt 0:00:16]} Rxe3 {[%emt 0:00:03]} 44. Rb5 {[%emt 0:02:54]} b6 {[%emt 0:00:00]} 45. a4 {[%emt 0:00:00]} g6 {[%emt 0:00:00]} 46. d5 {[%emt 0:00:00]} Kf8 {[%emt 0:00:00]} 47. a5 {[%emt 0:00:00]} bxa5 {[%emt 0:00:00]} 48. Rxa5 {[%emt 0:00:00]} Re2+ {[%emt 0:00:00]} 49. Kg3 {[%emt 0:00:00]} Rxb2 {[%emt 0:00:00]} 50. Rxa7 {[%emt 0:00:00]} Rd2 {[%emt 0:00:00]} 51. Ra8+ {[%emt 0:00:00]} Ke7 {[%emt 0:00:00]} 52. Ra7+ {[%emt 0:00:00]} Kf6 {[%emt 0:00:00]} 53. Rd7 {[%emt 0:00:00]} g5 {[%emt 0:00:00]} 54. h3 {[%emt 0:00:00]} h5 {[%emt 0:00:41]} 55. d6 {[%emt 0:00:00]} Kg6 {[%emt 0:05:27]} 56. Rd8 {[%emt 0:00:00]} f6 {[%emt 0:00:46]} 57. h4 {[%emt 0:00:00]} Rd3+ {[%emt 0:00:11]} 58. Kg2 {[%emt 0:00:02]} g4 {[%emt 0:01:08]} 59. d7 {[%emt 0:01:33]} Kf5 {[%emt 0:00:08]} 60. Kf2 {[%emt 0:00:49]} Rd5 {[%emt 0:00:52]} 61. Rh8 {[%emt 0:00:56]} Rxd7 {[%emt 0:00:03]} 62. Rxh5+ {[%emt 0:00:14]} Kf4 {[%emt 0:00:01]} 63. Ra5 {[%emt 0:00:22]} Rd2+ {[%emt 0:00:20]} 64. Kf1 {[%emt 0:00:33]} Rh2 {[%emt 0:00:47]} 65. Rh5 {[%emt 0:01:23]} f5 {[%emt 0:00:29]} 66. Kg1 {[%emt 0:01:58]} Ra2 {[%emt 0:00:16]} 67. Kf1 {[%emt 0:00:25]} Ke4 {[%emt 0:00:37]} 68. Rg5 {[%emt 0:00:20]} Rh2 {[%emt 0:00:11]} 69. Rh5 {[%emt 0:00:17]} f4 {[%emt 0:00:25]} 70. Rh8 {[%emt 0:00:38]} Kf3 {[%emt 0:00:26]} 71. Kg1 {[%emt 0:00:14]} Rb2 {[%emt 0:00:55]} 72. Rc8 {[%emt 0:00:39]} Rb1+ {[%emt 0:00:09]} 73. Kh2 {[%emt 0:00:06]} g3+ {[%emt 0:00:06]} 74. Kh3 {[%emt 0:00:05]} Rh1# {[%emt 0:00:04]} 0-1

[Event "Erfurt Young Masters 2017"]
[Site "Erfurt"]
[Date "2017.08.01"]
[Round "4"]
[White "Rogozenco, Teodora"]
[Black "Sieber, Fiona"]
[Result "0-1"]
[WhiteElo "2169"]
[BlackElo "2287"]
[Annotator "TA"]
[PlyCount "68"]
[EventDate "2017.??.??"]
[EventType "tourn"]
[EventCountry "GER"]
[SourceTitle "playchess.com"]
[Source "ChessBase"]
[SourceQuality "1"]

{[%evp 28,68,12,15,44,41,44,44,44,35,41,36,78,8,8,9,13,19,19,15,14,8,10,0,0,0,7,-31,-36,-35,-29,-91,0,-169,-179,-672,-662,-747,-750,-743,-692,-683,-670]} 1. d4 Nf6 2. c4 g6 3. Nc3 d5 4. Nf3 Bg7 5. cxd5 Nxd5 6. e4 Nxc3 7. bxc3 c5 8. Rb1 O-O 9. Be2 cxd4 10. cxd4 Qa5+ 11. Bd2 Qxa2 12. O-O Bg4 13. Bg5 {[%cal Bd2g5,Bg5h4,Bh4g3][%mdl 32]} h6 14. Bh4 g5 15. Bg3 Nc6 {D85: Exchange Grünfeld: Unusual White 7th moves and lines with 7 Nf3} (15... a5 16. Rxb7 a4 17. h3 Bxf3 18. Bxf3 Nc6 19. e5 Qc4 20. Rb2 Nxd4 21. Bxa8 Rxa8 22. Rd2 Nf5 23. Qf3 {½-½ (31) Vachier Lagrave,M (2710)-Sutovsky,E (2696) Porto Carras 2011}) 16. d5 Rad8 17. h3 Bxf3 {White is slightly better.} 18. Bxf3 e6 19. Rxb7 Nd4 $146 {[%cal Re6d5]} ({Predecessor:} 19... Ne5 20. Bxe5 Bxe5 21. Qd3 Rb8 22. Rd7 a5 23. Bg4 exd5 24. exd5 Rbd8 25. Qe4 Rxd7 26. Bxd7 Qb2 27. Re1 Bd6 {½-½ (27) Krysa,L (2457)-Baldauf,M (2401) Graz 2015}) 20. d6 ({White should play} 20. Bh5 $16) 20... e5 $1 $11 21. d7 {next Bg4 is good for White.} Qa6 $1 {[%cal Ra6b7]} 22. Qb1 {With the idea Bg4.} Nxf3+ 23. gxf3 Qe6 24. Rd1 {And now Kg2 would win.} Qxh3 25. Rd6 h5 26. Qd1 Kh7 27. Rb5 f6 28. Ra5 Rf7 $36 {[%cal Rd8d7][%mdl 2048] Black has the initiative.} 29. Rxa7 Bf8 (29... h4 $17 30. Qf1 Qxf1+ 31. Kxf1 hxg3 32. fxg3 Bf8) 30. Qd5 $2 {[#]} (30. Qb3 $1 $11 {and White is okay.} Kg7 31. Rxf6 Rxf6 32. Bxe5 Rxd7 33. Bxf6+ Kxf6 34. Qc3+ Kf7 35. Qc8) 30... Kg7 $1 $19 31. Re6 $2 {[#]} (31. Qa5 Rdxd7 32. Rdxd7 Rxd7 33. Bxe5) 31... Bc5 $1 {[%mdl 512] Black is clearly winning.} 32. Bxe5 {White threatens Rxf6 and mate.} (32. Qxc5 Qxe6) 32... Bxa7 33. Bxf6+ Kh7 {( -> ...Qg3+)} 34. Qxg5 {Threatening mate with Bd4!} Rdxd7 {Precision: White = 54%, Black = 73%.} 0-1

[Event "Erfurt Young Masters 2017"]
[Site "Erfurt"]
[Date "2017.08.02"]
[Round "5"]
[White "Szczepkowska-Horowska, Karina"]
[Black "Brunello, Marina"]
[Result "1/2-1/2"]
[WhiteElo "2396"]
[BlackElo "2367"]
[Annotator "TA"]
[PlyCount "83"]
[EventDate "2017.??.??"]
[EventType "tourn"]
[EventCountry "GER"]
[SourceTitle "playchess.com"]
[Source "ChessBase"]
[SourceQuality "1"]

{[%evp 16,83,29,27,28,31,27,27,32,28,31,29,29,32,32,28,35,29,32,36,33,37,45,0,0,0,13,0,4,5,6,-3,21,24,24,31,12,9,18,-23,-20,-25,13,21,38,0,30,0,28,25,23,28,25,33,37,24,83,0,106,0,0,0,0,0,0,0,0,-11,0,0]} 1. d4 d5 2. c4 c6 3. cxd5 cxd5 4. Bg5 h6 (4... Nc6 5. Nc3 Nf6 6. Bxf6 gxf6 7. e3 a6 8. Rc1 Bf5 9. Bd3 Bg6 10. f4 f5 11. h4 h5 12. Nf3 e6 13. Na4 f6 {½-½ (39) Grischuk,A (2761)-Carlsen,M (2832) Paris 2017}) 5. Bh4 Qb6 6. Nc3 {D10: Slav Defence: 3 cxd5 (without early Nf3) and 3 Nc3} e6 7. Qd2 Nc6 8. e3 Bd7 9. Bd3 {LiveBook: 3 Games} Nb4 $146 ({Find the theoretical novelty and annotate with similar games:} 9... Rc8 10. Nf3 Be7 11. Bxe7 Ngxe7 {1-0 (60) Nabaty,T (2579)-Rodshtein,M (2638) Beersheba 2013}) 10. Bb1 Bb5 11. a3 Nc6 12. Nxb5 Qxb5 13. Bd3 Qb6 14. Nf3 Bd6 15. O-O Nge7 16. b4 a6 17. Bg3 Bxg3 18. hxg3 Nc8 19. e4 dxe4 20. Bxe4 N8e7 (20... Nd6 $5 {[%cal Rd6e4]} 21. Bxc6+ Qxc6 $11) 21. Rac1 Rd8 {[%cal Rc6d4]} 22. Rc5 O-O 23. Bb1 Rd5 24. Qd3 {[%csl Gb1][%cal Rd3h7]} g6 25. Qe3 Kg7 26. Be4 Rd7 27. Ne5 Nxe5 28. dxe5 Rfd8 29. Qf3 Qa7 30. Rfc1 Qb8 31. Kh2 Nd5 (31... Ng8 $5 {[%cal Rb7b6]}) 32. Bxd5 $1 Rxd5 33. Qf6+ Kg8 34. Rc7 R5d7 35. R7c4 Rd5 {[#]} (35... Rd4 $11) 36. Re1 ({White should play} 36. f4 $1 $16) 36... Rf8 {[#]} (36... R8d7 $11 {keeps the balance.}) 37. Rg4 (37. Rh4 $1 $16 {[%cal Rh4h6]} h5 38. g4) 37... Kh7 $1 $11 {The position is equal.} 38. Rh4 Qd8 39. Qf4 h5 (39... g5 $5 40. Qe4+ $8 Kg7 $11) 40. Rh3 Kg7 41. g4 Rd4 (41... g5 $5 {[%cal Rg5f4]} 42. Qf6+ Qxf6 43. exf6+ Kxf6 44. Rf3+ Kg7 45. gxh5 g4 $11) 42. Re4 {Precision: White = 49%, Black = 48%.} 1/2-1/2

[Event "Erfurt Young Masters 2017"]
[Site "Erfurt"]
[Date "2017.08.02"]
[Round "5"]
[White "Heinemann, Josefine"]
[Black "Hoolt, Sarah"]
[Result "1/2-1/2"]
[WhiteElo "2294"]
[BlackElo "2439"]
[Annotator "TA"]
[PlyCount "62"]
[EventDate "2017.??.??"]
[EventType "tourn"]
[EventCountry "GER"]
[SourceTitle "playchess.com"]
[Source "ChessBase"]
[SourceQuality "1"]

{[%evp 13,62,19,18,0,27,9,34,33,56,42,31,26,41,0,0,0,18,10,20,15,9,0,14,0,0,0,0,0,0,0,0,0,2,-2,0,0,0,-18,21,0,0,0,0,0,0,0,0,0,0,0,0]} 1. e4 e6 2. d4 d5 3. Nd2 c5 4. Ngf3 cxd4 5. Nxd4 Nf6 6. exd5 Nxd5 7. N2f3 Be7 8. Bc4 {C07: French Tarrasch: 3...c5, 4 Ngf3 and 4 exd5 Qxd5} (8. Bd3 Nc6 9. Nxc6 bxc6 10. O-O Nb4 11. Be2 Qc7 12. a3 Nd5 13. Bd3 Bb7 14. Qe2 Nf4 15. Bxf4 Qxf4 {1-0 (38) Mamedov,R (2651)-Danielian,O (2530) Moscow 2013}) 8... O-O 9. O-O a6 10. Qe2 {White is slightly better.} Qc7 $146 ({Predecessor:} 10... b5 11. Bd3 Bb7 12. Qe4 g6 13. Bh6 Re8 14. a4 b4 15. Ne5 Bf6 16. Ndf3 Nd7 17. Nxd7 Qxd7 18. Ne5 Qc7 19. Rfe1 Red8 20. Qe2 Rac8 21. a5 {1-0 (21) Huether,G-Facius,S Germany 1990}) 11. Re1 {[#] Strongly threatening Bxd5.} (11. Bxd5 $5 exd5 12. Bf4 $14) 11... Bd6 12. Bb3 Nc6 13. h3 Nf4 {The position is equal.} 14. Bxf4 Bxf4 15. Nxc6 Qxc6 16. Ne5 Bxe5 17. Qxe5 b6 18. Qe4 (18. Rad1 {feels hotter.} Bb7 19. f3 Rad8 20. a4 a5 21. c3) 18... Bb7 19. Qxc6 Bxc6 20. Rad1 Rfd8 21. f4 Kf8 22. Kf2 Ke7 23. g3 a5 24. c3 h6 25. h4 Kf6 (25... g5 $5) 26. Rxd8 (26. Ke3 {is more complex.} b5 27. a3 g6 28. Rxd8 Rxd8 29. Rd1) 26... Rxd8 27. Rd1 Rxd1 28. Bxd1 $11 {KB-KB} e5 29. Ke3 Kf5 30. b4 exf4+ 31. gxf4 axb4 {Precision: White = 63%, Black = 63%.} 1/2-1/2

[Event "Erfurt Young Masters 2017"]
[Site "Erfurt"]
[Date "2017.08.02"]
[Round "5"]
[White "Pourkashiyan, Atousa"]
[Black "Bulmaga, Irina"]
[Result "1-0"]
[WhiteElo "2289"]
[BlackElo "2412"]
[Annotator "TA"]
[PlyCount "79"]
[EventDate "2017.??.??"]
[EventType "tourn"]
[EventCountry "GER"]
[SourceTitle "playchess.com"]
[Source "ChessBase"]
[SourceQuality "1"]

{[%evp 22,79,0,-2,7,0,12,29,37,13,37,5,11,16,61,17,30,41,32,0,49,22,34,12,85,77,81,45,83,80,100,72,84,8,145,150,147,110,128,141,125,145,135,125,439,444,1737,1715,29968,29962,29986,29987,29987,29988,29985,29986,29988,29988,29989,29990]} 1. e4 c5 2. Nf3 d6 3. d4 cxd4 4. Nxd4 Nf6 5. Nc3 a6 6. f4 e5 7. Nf3 Nbd7 8. a4 Be7 9. Bd3 O-O 10. O-O exf4 11. Kh1 Nh5 12. Nd5 Ndf6 {B93: Sicilian Najdorf: 6 f4} (12... Nc5 13. Nd4 g6 14. a5 Bg5 15. b4 Nxd3 16. Qxd3 Bd7 17. Nxf4 Nxf4 18. Bxf4 Bxf4 19. Rxf4 Qg5 20. Raf1 Rae8 21. Kg1 {½-½ (21) Blanco Gramajo,C (2552)-Gleichmann,M (2540) ICCF email 2011}) 13. Nxf4 Nxf4 14. Bxf4 Bg4 {White has an edge.} 15. Qe1 Rc8 $146 ({Predecessor:} 15... Bh5 16. Rd1 Qb6 17. a5 Qxb2 18. Rb1 Qa3 19. Rxb7 Rfe8 20. Nh4 {1-0 (36) Martin Del Campo C,R (2360)-Larson,M (2236) Charlotte 2016}) 16. Nd4 Nh5 17. Be3 Bh4 18. Qd2 Bf6 19. c3 Be5 {next ...Qh4 is good for Black.} 20. Bg5 {[%cal Be3g5,Bg5e7,Be7d6][%mdl 32]} Qd7 21. Nf5 Bxf5 22. Rxf5 g6 (22... Nf6 $11) 23. Rf3 $16 Ng7 24. Raf1 Qxa4 25. Be7 $1 {Qh6 is the strong threat.} Ne6 {Black wants to play ...Rfe8.} 26. Qh6 {Threatening mate with Rh3.} Bg7 {[#]} 27. Qh4 (27. Qh3 $1 $16 Qb3 28. R3f2 (28. Bxf8 Rxf8 29. R3f2 Nc5 $16)) 27... h6 (27... Rfe8 $1 $11) 28. Bxd6 Ng5 29. Rf4 Rfd8 30. e5 Qe8 31. Bc4 $36 {[%cal Bd3c4,Bc4e6,Be6d5,Bd5e4][%mdl 2080] White has strong initiative.} Rd7 32. Qg4 Rcd8 $2 {[%mdl 8192] [#]} (32... Kh7 $16 33. h4 Ne6) 33. h4 $1 $18 {[%cal Rh4g5]} Ne6 {[#]} (33... b5 $142 34. Bb3 (34. hxg5 bxc4 35. gxh6 Bxe5 $16) 34... Bxe5) 34. Rxf7 $1 {[%mdl 512]} Rxf7 35. Bxe6 {White mates.} Rdd7 36. Qxg6 b6 37. Rf3 Ra7 38. Bd5 a5 39. Kg1 a4 40. Be4 {Precision: White = 60%, Black = 33%.} 1-0

[Event "Erfurt Young Masters 2017"]
[Site "Erfurt"]
[Date "2017.08.02"]
[Round "5"]
[White "Sieber, Fiona"]
[Black "Schneider, Jana"]
[Result "1-0"]
[WhiteElo "2287"]
[BlackElo "2258"]
[Annotator "TA"]
[PlyCount "67"]
[EventDate "2017.??.??"]
[EventType "tourn"]
[EventCountry "GER"]
[SourceTitle "playchess.com"]
[Source "ChessBase"]
[SourceQuality "1"]

{[%evp 23,66,0,0,0,6,1,8,0,52,32,160,147,220,230,231,224,227,225,654,560,802,740,852,762,1172,797,1250,1214,1226,1011,938,1000,1731,1741,11117,5761,29989,29990,29990,29991,29997,29998,29998,29999,29999]} 1. e4 {[%cal Be2e4,Be4e5][%mdl 32]} e6 2. d4 d5 3. Nc3 Nf6 {[%cal Bg8f6,Bf6d7,Bd7c5,Bc5e4][%mdl 32]} 4. e5 Nfd7 5. f4 c5 6. Nf3 Be7 7. Be3 Nc6 8. Qd2 O-O 9. dxc5 Nxc5 {C11: French: Classical System: 4 e5 and 4 Bg5 dxe4} 10. O-O-O a6 11. Qf2 b6 12. Kb1 Qc7 {LiveBook: 14 Games} 13. Qg3 f5 $146 ({Find the theoretical novelty and annotate with similar games:} 13... f6 14. f5 Ne4 15. Nxe4 dxe4 16. Bc4 fxe5 17. fxe6 Kh8 18. Ng5 Bxg5 19. Qxg5 Re8 20. Qf5 Nd8 21. Qxe4 Bb7 22. Qg4 Bc8 23. Qh5 g6 24. Qf3 {1-0 (24) Bok,B (2614)-Moroni,L (2438) Gjakova 2016}) 14. Qh3 Ne4 15. Ne2 $1 Bd7 ({Black should play} 15... Na5 $11) 16. Ned4 Na5 (16... Bc5 $14) 17. Rg1 $16 Nc4 (17... Qc8 $16) 18. Bxc4 $1 $18 dxc4 ({Not} 18... Qxc4 19. g4 $16) 19. g4 c3 {[#] Strongly threatening ...cxb2.} 20. b3 {gxf5 is the strong threat.} a5 $2 (20... fxg4 21. Qxg4 g6 22. Nxe6 Qc8) 21. gxf5 exf5 22. e6 Bc6 23. Ne5 a4 24. b4 Bxb4 25. Ndxc6 Bd6 {[#]} 26. Rxg7+ $3 {[%mdl 512]} Qxg7 27. Rg1 Nd2+ 28. Kc1 Ba3+ 29. Kd1 Ne4 30. Rxg7+ {White mates.} Kxg7 31. Bd4 Bc5 32. Nf7+ Bxd4 33. Qh6+ Kg8 34. Ne7# {Precision: White = 92%, Black = 20%.} 1-0